Contamination practice needs freshening up (Record no. 69641)

MARC details
000 -LEADER
fixed length control field 01388cam a2200253 4500
001 - CONTROL NUMBER
control field ABS65139
008 - FIXED-LENGTH DATA ELEMENTS--GENERAL INFORMATION
fixed length control field 020228n2002 000 0 eng u
035 ## - SYSTEM CONTROL NUMBER
System control number (Sirsi) u116907
100 ## - MAIN ENTRY--PERSONAL NAME
Personal name Cooke, E.
245 ## - TITLE STATEMENT
Title Contamination practice needs freshening up
260 ## - PUBLICATION, DISTRIBUTION, ETC.
Date of publication, distribution, etc. 2002
490 ## - SERIES STATEMENT
Series statement Estates Gazette
Volume/sequential designation (0208) 23 February 2002, 156-157(2)
520 ## - SUMMARY, ETC.
Summary, etc. Shows how to avoid the problems faced by consultants and advisers as environmental law and practice evolves. Environmental Protection Act 1990 came into force April 2000,and cites two recent cases "Urban Regeneration Agency/English Partnerships v Mott Macdonald" and "Lidl Properties v Clarke Bond Partnership" to illustrate problems involving claims against environmental consultants, where misunderstandings regarding the definitions and handling of contaminated land had arisen between the consultants and the clients. Warns that special care is needed to find improved ways of working to manage risks and achieve clients' objectives.
590 ## - LOCAL NOTE (RLIN)
Local note ABS
650 ## - SUBJECT ADDED ENTRY--TOPICAL TERM
Topical term or geographic name entry element ENVIRONMENTAL PROTECTION ACT 1990
650 ## - SUBJECT ADDED ENTRY--TOPICAL TERM
Topical term or geographic name entry element Contamination
9 (RLIN) 6231
650 ## - SUBJECT ADDED ENTRY--TOPICAL TERM
Topical term or geographic name entry element URBAN REGENERATION AGENCY V MOTT MACDONALD GROUP LTD
650 ## - SUBJECT ADDED ENTRY--TOPICAL TERM
Topical term or geographic name entry element URBAN REGENERATION AGENCY
650 ## - SUBJECT ADDED ENTRY--TOPICAL TERM
Topical term or geographic name entry element LIDL PROPERTIES V CLARKE BOND PARTNERSHIP
650 ## - SUBJECT ADDED ENTRY--TOPICAL TERM
Topical term or geographic name entry element REGENERATION
650 ## - SUBJECT ADDED ENTRY--TOPICAL TERM
Topical term or geographic name entry element CONTAMINATED LAND
690 ## - LOCAL SUBJECT ADDED ENTRY--TOPICAL TERM (OCLC, RLIN)
Topical term or geographic name as entry element ENVIRONMENT-CONTAMINATION
942 ## - ADDED ENTRY ELEMENTS (KOHA)
Suppress in OPAC 0
Holdings
Withdrawn status Lost status Source of classification or shelving scheme Damaged status Not for loan Home library Current library Shelving location Date acquired Total Checkouts Full call number Barcode Date last seen Copy number Price effective from Koha item type
    Dewey Decimal Classification     London London Journal article 28/02/2002   ABS65139 116907-1001 06/08/2019 1 06/08/2019 Journal article